Informe sobre la estabilidad financiera mundial : Las flojas utilidades de las empresas son un riesgo para la mejora de las condiciones del mercado financiero.

La edicion en Internet del Boletin del FMI, que se actualiza varias veces a la semana, contiene numerosos articulos sobre temas de actualidad en el ambito de las politicas y la economia. Consulte las ultimas investigaciones del FMI, lea entrevistas y escuche podcasts de los principales economistas d...

Szczegółowa specyfikacja

Opis bibliograficzny
Korporacja: International Monetary Fund. External Relations Dept
Format: Czasopismo
Język:English
Wydane: Washington, D.C. : International Monetary Fund, 2002.
Dostęp online:Full text available on IMF
LEADER 01634cas a2200217 a 4500
001 AALejournalIMF010254
008 230101c9999 xx r poo 0 0eng d
020 |c 5.00 USD 
020 |z 9781451966039 
040 |a BD-DhAAL  |c BD-DhAAL 
110 2 |a International Monetary Fund.  |b External Relations Dept. 
240 1 0 |a Informe sobre la estabilidad financiera mundial: Las flojas utilidades de las empresas son un riesgo para la mejora de las condiciones del mercado financiero.  |l Spanish 
245 1 0 |a Informe sobre la estabilidad financiera mundial :   |b Las flojas utilidades de las empresas son un riesgo para la mejora de las condiciones del mercado financiero. 
264 1 |a Washington, D.C. :  |b International Monetary Fund,  |c 2002. 
300 |a 1 online resource (16 pages) 
500 |a <strong>Off-Campus Access:</strong> No User ID or Password Required 
500 |a <strong>On-Campus Access:</strong> No User ID or Password Required 
506 |a Electronic access restricted to authorized BRAC University faculty, staff and students 
520 3 |a La edicion en Internet del Boletin del FMI, que se actualiza varias veces a la semana, contiene numerosos articulos sobre temas de actualidad en el ambito de las politicas y la economia. Consulte las ultimas investigaciones del FMI, lea entrevistas y escuche podcasts de los principales economistas del FMI sobre importantes temas relacionados con la economia mundial. www.imf.org/external/pubs/ft/survey/so/home.aspx. 
538 |a Mode of access: Internet 
856 4 0 |z Full text available on IMF  |u http://elibrary.imf.org/view/journals/023/0031/012/023.0031.issue-012-es.xml  |z IMF e-Library